LEADER 01112nam0 22002771i 450 001 UON00076695 005 20231205102413.694 100 $a20020107d1939 |0itac50 ba 101 $ager 102 $aDE 105 $a|||| ||||| 200 1 $aRitt Durch den Fezzan$eGeheimnisvolles Libyen$fEgon Vietta 210 $aFrankfurt a. M.$cSocietats-Verlag$d1939 215 $a313 p., c. di tav.$d21 cm 316 $adata inesatta$5IT-UONSI B Afr4/0017 606 $aLibia$xDescrizioni e viaggi$3UONC021777$2FI 620 $aDE$dFrankfurt am Main$3UONL003175 676 $a916.1204$cDESCRIZIONI E VIAGGI DELLA LIBIA$v21 700 1$aVIETTA$bEgon$3UONV050264$0660245 712 $aSocietats-Verlag$3UONV250835$4650 801 $aIT$bSOL$c20260417$gRICA 899 $aSIBA - SISTEMA BIBLIOTECARIO DI ATENEO E ARCHIVIO STORICO$2UONSI 912 $aUON00076695 950 $aSIBA - SISTEMA BIBLIOTECARIO DI ATENEO E ARCHIVIO STORICO$dSI 4 0017 $eSI MR 12510 7 0017 data inesatta 996 $aRitt Durch den Fezzan$91163238 997 $aUNIOR